[Event "146 Stay Safe Play From Home series"]
[Site "T#646011Emanuel Laske"]
[Date "2020.05.13"]
[Round "3"]
[White "Lucknow"]
[Black "Chessencounter"]
[Result "0-1"]
[WhiteElo "1750"]
[BlackElo "2170"]
[Annotator "RC"]
[PlyCount "44"]
[EventDate "2020.05.13"]
[EventType "swiss (blitz)"]

1. d4 {[%emt 0:00:01]} g6 {[%emt 0:00:01]} 2. c4 {[%emt 0:00:00]} Bg7 {[%emt 0:00:00]} 3. Nf3 {[%emt 0:00:01]} d6 {[%emt 0:00:00]} 4. e3 {[%emt 0:00:00]} Nd7 {[%emt 0:00:00]} 5. Bd3 {[%emt 0:00:00]} Ngf6 {[%emt 0:00:00]} 6. Nc3 {[%emt 0:00:00]} O-O {[%emt 0:00:00]} 7. O-O {[%emt 0:00:00]} e5 {[%emt 0:00:00]} 8. Qe2 {[%emt 0:00:00]} Re8 {[%emt 0:00:00]} 9. e4 {[%emt 0:00:01]} c6 {[%emt 0:00:02]} 10. d5 {[%emt 0:00:01]} Nc5 {[%emt 0:00:01]} 11. Bc2 {[%emt 0:00:01]} Bg4 {[%emt 0:00:01]} 12. Re1 {[%emt 0:00:02]} Nh5 {[%emt 0:00:01]} 13. h3 {[%emt 0:00:01]} Bxf3 {[%emt 0:00:01]} 14. Qxf3 {[%emt 0:00:01]} Qd7 {[%emt 0:00:01]} 15. Be3 {[%emt 0:00:03]} b6 {[%emt 0:00:01]} 16. Bxc5 {[%emt 0:00:02]} bxc5 {[%emt 0:00:00]} 17. b3 {[%emt 0:00:01]} Rf8 {[%emt 0:00:02]} 18. Qe2 {[%emt 0:00:01]} Qe7 {[%emt 0:00:01]} 19. Qe3 {[%emt 0:00:02]} Rac8 {[%emt 0:00:01]} 20. Rad1 {[%emt 0:00:02]} Nf4 {[%emt 0:00:01]} 21. dxc6 {[%emt 0:00:01]} Qg5 {[%emt 0:00:01]} 22. Nd5 {[%emt 0:00:00]} Qxg2# {[%emt 0:00:02] (Lag: Av=0.66s, max=1.0s)} 0-1

[Event "146 Stay Safe Play From Home series"]
[Site "T#646011Emanuel Laske"]
[Date "2020.05.13"]
[Round "3"]
[White "Trotsky"]
[Black "Ionutn28"]
[Result "0-1"]
[WhiteElo "1581"]
[BlackElo "1770"]
[Annotator "NA"]
[PlyCount "64"]
[EventDate "2020.05.13"]
[EventType "swiss (blitz)"]

1. d4 {[%emt 0:00:01]} d5 {[%emt 0:00:01]} 2. e3 {[%emt 0:00:00]} Nf6 {[%emt 0:00:02]} 3. c4 {[%emt 0:00:01]} c6 {[%emt 0:00:01]} 4. Nc3 {[%emt 0:00:01]} e6 {[%emt 0:00:01]} 5. Nf3 {[%emt 0:00:02]} Bd6 {[%emt 0:00:00]} 6. c5 {[%emt 0:00:00]} Bc7 {[%emt 0:00:03]} 7. Bd3 {[%emt 0:00:01]} Nbd7 {[%emt 0:00:01]} 8. Qc2 {[%emt 0:00:01]} O-O {[%emt 0:00:01]} 9. Ng5 {[%emt 0:00:01]} h6 {[%emt 0:00:02]} 10. h4 {[%emt 0:00:01]} e5 {[%emt 0:00:01]} 11. f3 {[%emt 0:00:03]} exd4 {[%emt 0:00:03]} 12. exd4 {[%emt 0:00:01]} Bg3+ {[%emt 0:00:01]} 13. Kf1 {[%emt 0:00:01]} Re8 {[%emt 0:00:01]} 14. Bh7+ {[%emt 0:00:03]} Kf8 {[%emt 0:00:03]} 15. Bd2 {[%emt 0:00:01]} hxg5 {[%emt 0:00:14]} 16. hxg5 {[%emt 0:00:02]} Nxh7 {[%emt 0:00:00]} 17. Rxh7 {[%emt 0:00:05]} Qc7 {[%emt 0:00:06]} 18. Rh8+ {[%emt 0:00:04]} Ke7 {[%emt 0:00:01]} 19. Rxe8+ {[%emt 0:00:04]} Kxe8 {[%emt 0:00:00]} 20. Be1 {[%emt 0:00:01]} Bxe1 {[%emt 0:00:02]} 21. Rxe1+ {[%emt 0:00:02]} Kd8 {[%emt 0:00:01]} 22. Qh7 {[%emt 0:00:02]} Qg3 {[%emt 0:00:01]} 23. Qg8+ {[%emt 0:00:02]} Kc7 {[%emt 0:00:01]} 24. Qxf7 {[%emt 0:00:03]} Qxg5 {[%emt 0:00:01]} 25. b4 {[%emt 0:00:02]} a6 {[%emt 0:00:00]} 26. a4 {[%emt 0:00:01]} a5 {[%emt 0:00:01]} 27. b5 {[%emt 0:00:01]} Qh4 {[%emt 0:00:03]} 28. b6+ {[%emt 0:00:03]} Kb8 {[%emt 0:00:01]} 29. Nxd5 {[%emt 0:00:03]} Qh1+ {[%emt 0:00:01]} 30. Kf2 {[%emt 0:00:01]} Qh4+ {[%emt 0:00:00]} 31. Kg1 {[%emt 0:00:01]} cxd5 {[%emt 0:00:00]} 32. c6 {[%emt 0:00:03]} Qxe1+ {[%emt 0:00:01] Âðåìÿ (Lag: Av=0.52s, max=1.3s)} 0-1

[Event "146 Stay Safe Play From Home series"]
[Site "T#646011Emanuel Laske"]
[Date "2020.05.13"]
[Round "3"]
[White "Nagaram"]
[Black "SecantFX"]
[Result "0-1"]
[WhiteElo "1573"]
[BlackElo "1879"]
[Annotator "NA"]
[PlyCount "46"]
[EventDate "2020.05.13"]
[EventType "swiss (blitz)"]

1. e4 {[%emt 0:00:01]} b6 {[%emt 0:00:00]} 2. Nf3 {[%emt 0:00:00]} Bb7 {[%emt 0:00:00]} 3. Nc3 {[%emt 0:00:00]} d5 {[%emt 0:00:01]} 4. exd5 {[%emt 0:00:01]} Bxd5 {[%emt 0:00:00]} 5. Nxd5 {[%emt 0:00:01]} Qxd5 {[%emt 0:00:00]} 6. d4 {[%emt 0:00:00]} Qd8 {[%emt 0:00:01]} 7. Bc4 {[%emt 0:00:02]} Nf6 {[%emt 0:00:00]} 8. Ne5 {[%emt 0:00:01]} e6 {[%emt 0:00:01]} 9. O-O {[%emt 0:00:02]} Bd6 {[%emt 0:00:01]} 10. Bb5+ {[%emt 0:00:01]} Nbd7 {[%emt 0:00:03]} 11. Nxd7 {[%emt 0:00:01]} Nxd7 {[%emt 0:00:01]} 12. Be3 {[%emt 0:00:04]} O-O {[%emt 0:00:01]} 13. f4 {[%emt 0:00:04]} c5 {[%emt 0:00:02]} 14. dxc5 {[%emt 0:00:01]} Nxc5 {[%emt 0:00:01]} 15. Bxc5 {[%emt 0:00:00]} Bxc5+ {[%emt 0:00:01]} 16. Kh1 {[%emt 0:00:04]} Qh4 {[%emt 0:00:01]} 17. g3 {[%emt 0:00:01]} Qh3 {[%emt 0:00:01]} 18. c3 {[%emt 0:00:03]} Rad8 {[%emt 0:00:01]} 19. Qf3 {[%emt 0:00:01]} Rd2 {[%emt 0:00:04]} 20. Rf2 {[%emt 0:00:14]} Rxf2 {[%emt 0:00:02]} 21. Qxf2 {[%emt 0:00:02]} Bxf2 {[%emt 0:00:01]} 22. Rf1 {[%emt 0:00:00]} Bxg3 {[%emt 0:00:01]} 23. f5 {[%emt 0:00:00]} Qxh2# {[%emt 0:00:01] (Lag: Av=0.77s, max=1.9s)} 0-1

[Event "146 Stay Safe Play From Home series"]
[Site "T#646011Emanuel Laske"]
[Date "2020.05.13"]
[Round "3"]
[White "Pokerpapi"]
[Black "Don59as"]
[Result "0-1"]
[WhiteElo "1511"]
[BlackElo "2027"]
[PlyCount "88"]
[EventDate "2020.05.13"]
[EventType "swiss (blitz)"]

1. e4 {[%emt 0:00:01]} e5 {[%emt 0:00:01]} 2. Bc4 {[%emt 0:00:00]} Nc6 {[%emt 0:00:00]} 3. Bxf7+ {[%emt 0:00:01]} Kxf7 {[%emt 0:00:01]} 4. Qh5+ {[%emt 0:00:00]} g6 {[%emt 0:00:02]} 5. Qf3+ {[%emt 0:00:00]} Kg7 {[%emt 0:00:01]} 6. Qe2 {[%emt 0:00:02]} Qf6 {[%emt 0:00:01]} 7. c3 {[%emt 0:00:01]} Bc5 {[%emt 0:00:02]} 8. Nf3 {[%emt 0:00:03]} h6 {[%emt 0:00:02]} 9. d3 {[%emt 0:00:00]} Nge7 {[%emt 0:00:01]} 10. Nbd2 {[%emt 0:00:01]} Rf8 {[%emt 0:00:01]} 11. Nf1 {[%emt 0:00:01]} d6 {[%emt 0:00:01]} 12. Ng3 {[%emt 0:00:01]} Bg4 {[%emt 0:00:01]} 13. b4 {[%emt 0:00:04]} Bb6 {[%emt 0:00:02]} 14. a4 {[%emt 0:00:02]} a5 {[%emt 0:00:02]} 15. b5 {[%emt 0:00:01]} Nd8 {[%emt 0:00:01]} 16. Be3 {[%emt 0:00:05]} Bxe3 {[%emt 0:00:05]} 17. fxe3 {[%emt 0:00:00]} Bxf3 {[%emt 0:00:01]} 18. Qf2 {[%emt 0:00:05]} Bg4 {[%emt 0:00:02]} 19. Qxf6+ {[%emt 0:00:02]} Rxf6 {[%emt 0:00:01]} 20. Rf1 {[%emt 0:00:01]} Rxf1+ {[%emt 0:00:02]} 21. Kxf1 {[%emt 0:00:00]} Bd7 {[%emt 0:00:02]} 22. Kg1 {[%emt 0:00:00]} Ne6 {[%emt 0:00:01]} 23. Rc1 {[%emt 0:00:04]} Rf8 {[%emt 0:00:00]} 24. h3 {[%emt 0:00:01]} Nc5 {[%emt 0:00:01]} 25. d4 {[%emt 0:00:03]} Nxa4 {[%emt 0:00:01]} 26. c4 {[%emt 0:00:02]} exd4 {[%emt 0:00:02]} 27. exd4 {[%emt 0:00:01]} b6 {[%emt 0:00:02]} 28. e5 {[%emt 0:00:01]} dxe5 {[%emt 0:00:01]} 29. dxe5 {[%emt 0:00:00]} Be6 {[%emt 0:00:01]} 30. Ne4 {[%emt 0:00:01]} Nc5 {[%emt 0:00:01]} 31. Nxc5 {[%emt 0:00:02]} bxc5 {[%emt 0:00:01]} 32. Rc3 {[%emt 0:00:01]} Rd8 {[%emt 0:00:01]} 33. Kh2 {[%emt 0:00:00]} Rd4 {[%emt 0:00:01]} 34. g4 {[%emt 0:00:01]} Rxc4 {[%emt 0:00:01]} 35. Rf3 {[%emt 0:00:00]} Rb4 {[%emt 0:00:02]} 36. Rd3 {[%emt 0:00:00]} a4 {[%emt 0:00:01]} 37. Kg3 {[%emt 0:00:00]} Rb3 {[%emt 0:00:01]} 38. Rf3 {[%emt 0:00:05]} Rxf3+ {[%emt 0:00:01]} 39. Kxf3 {[%emt 0:00:00]} a3 {[%emt 0:00:00]} 40. Ke4 {[%emt 0:00:01]} a2 {[%emt 0:00:00]} 41. Kd3 {[%emt 0:00:00]} a1=Q {[%emt 0:00:00]} 42. Kd2 {[%emt 0:00:02]} Qd4+ {[%emt 0:00:00]} 43. Ke2 {[%emt 0:00:00]} Qxe5+ {[%emt 0:00:00]} 44. Kf1 {[%emt 0:00:00]} Qb2 {[%emt 0:00:00] Zeit (Lag: Av=0.40s, max=0.9s)} 0-1

[Event "146 Stay Safe Play From Home series"]
[Site "T#646011Emanuel Laske"]
[Date "2020.05.13"]
[Round "4"]
[White "Onlyforchess"]
[Black "Tolka"]
[Result "0-1"]
[WhiteElo "2562"]
[BlackElo "2225"]
[Annotator "TA"]
[PlyCount "132"]
[EventDate "2020.05.13"]
[EventType "swiss (blitz)"]

{[%evp 15,132,24,25,10,15,7,18,0,0,0,27,34,47,47,49,45,44,13,46,45,42,47,38,9,25,33,57,0,0,0,0,0,0,0,0,-82,-85,-91,-96,-88,-87,-86,-102,-95,-52,-52,0,-131,-6,-6,-6,-6,-6,-6,0,0,111,-48,-48,-43,0,0,8,-8,155,-8,0,0,70,0,70,59,311,321,300,8,381,0,599,8,8,0,8,0,14,21,40,-8,-8,-8,-8,-8,-8,-29972,-29974,-29984,-29974,-29970,0,0,8,-130,-130,-130,-130,-29986,-29987,-29988,-29989,-29991,-29986,-29986,-29978,-29979,-29978,-29980,-29980,-29977,8]} 1. e4 d6 2. d4 Nf6 3. Nc3 e5 4. dxe5 dxe5 5. Qxd8+ Kxd8 6. Bc4 Be6 7. Bxe6 fxe6 8. Nf3 Bd6 9. Ng5 {B07: Pirc Defence: Miscellaneous Systems.} Ke7 {[#]} 10. Be3 $146 ({Predecessor:} 10. f3 a6 11. Nd1 Nc6 12. c3 b5 13. Nh3 Na5 14. Nhf2 h6 15. Ke2 c5 16. Ne3 c4 {0-1 (44) Cooper,J (2350)-Collinson,A (2405) England 1998}) 10... Nc6 11. O-O-O {The position is equal.} h6 12. Nh3 a6 13. f3 Rhf8 14. Nf2 Rad8 15. Nd3 Nh5 16. Nc5 Rb8 17. Rd2 Nf4 18. Rhd1 g5 19. N3a4 Rfd8 20. Nb3 b6 21. Nc3 ({White should play} 21. a3 $14) 21... Bb4 $11 22. Rxd8 Rxd8 23. Rxd8 Nxd8 24. g3 Bxc3 $1 25. gxf4 (25. bxc3 $11 Nh5 26. Kd2) 25... exf4 $17 26. bxc3 {Strongly threatening Bd4.} fxe3 $11 {[%mdl 4096] Endgame KN-KN} 27. Kd1 Nc6 28. Ke2 Ne5 29. Kxe3 c5 30. Nd2 Kd6 (30... Ng6 $15) 31. h3 (31. f4 $1 $11 gxf4+ 32. Kxf4) 31... Kc6 (31... Ng6 $1 $17 {With the idea ...b5.} 32. Nc4+ Kc6) 32. f4 gxf4+ 33. Kxf4 Kd6 34. a3 Ng6+ 35. Kg4 b5 (35... Ke5 $11 {keeps the balance.}) 36. Kh5 $2 (36. h4 $1 $16) 36... Nf4+ $15 {[%mdl 64] Double Attack} 37. Kg4 $1 {[%cal Rg4f4]} Ne2 38. h4 Ke7 (38... Nxc3 $5 39. Kh5 $8 Ke7 $11) 39. e5 Kf7 $2 (39... a5 $11) 40. Kh5 $2 (40. Ne4 $1 $16) 40... Kg7 41. Ne4 Nf4+ $1 42. Kg4 Nd5 (42... Ng6 $11) 43. Nxc5 $14 {[%mdl 64] Double Attack} Nxc3 $2 {[%mdl 8192]} (43... Kg6 $14) 44. Nxe6+ $18 Kf7 45. Nc7 $2 ({White should try} 45. Kf5 $18) 45... Ke7 $2 {[%mdl 8192]} (45... a5 $11) 46. e6 $2 (46. Nxa6 $18 {And now Kh5 would win.} Nb1 47. Kh5 Nxa3 48. Nb4 (48. Kxh6 Nxc2 49. Kg6 b4 $18)) 46... Nb1 $2 {[%mdl 8192]} (46... a5 $1 $11) 47. Nxa6 $2 (47. Kf5 $18 Nc3 48. Nxa6) 47... Nxa3 $11 48. Nc5 Kd6 49. Kf5 {Hoping for Kf6.} Nxc2 50. Kf6 Ne3 51. e7 Nd5+ {[%mdl 64] Double Attack} 52. Kf7 $132 {[%mdl 2048] White puts up resistance} Nxe7 53. Ne4+ Ke5 54. Nf6 $2 {[%mdl 8192]} (54. Nc3 $11) 54... Nd5 55. Ng8 Kd4 56. Nxh6 Kc3 $2 (56... Ne3 $1 57. h5 b4 58. Ng8 Ng4 59. h6 Nxh6+ $1 {[%mdl 576] Promotion} 60. Nxh6 b3 61. Kf6 b2 62. Nf5+ Kd3 63. Nd6 b1=Q 64. Ke6 Qa2+ 65. Kf6 Kd4 66. Nf5+ Kd5 67. Ne3+ Ke4 68. Ng4 Qa6+ 69. Kg7 Qb7+ 70. Kf6 Qb6+ 71. Ke7 Kf5 72. Ne3+ Qxe3+ 73. Kd6 Qb6+ 74. Kd5 Qb4 75. Kc6 Ke6 76. Kc7 Qb5 77. Kc8 Kd6 78. Kd8 Qd7#) 57. Nf5 {aiming for h5.} b4 {Threatens to win with ...b3.} 58. Nd6 (58. h5 $11 {was the only way to keep the balance.} b3 59. h6) 58... b3 $17 59. Ne4+ Kc2 60. Nf2 $2 {[%mdl 8192]} (60. Nd6 $17) 60... b2 {Black mates.} 61. Ne4 b1=Q 62. Nd6 Kd1 63. Ke6 Qb6 64. Kxd5 Qf2 65. Ke6 Qxh4 66. Nf5 Qh6+ $2 {[%mdl 32768] Quite a comeback for Black. Accuracy: White = 55%, Black = 57%. . Loss on time!?} (66... Qe4+ {mates} 67. Kf6 Ke1 68. Nd6 Qd5 69. Nf7 Ke2 70. Ng5 Ke3 71. Ne6 Qf3+ 72. Ke7 Qc6 73. Ng5 Qc5+ 74. Kf6 Qd4+ 75. Ke6 Qg4+ 76. Kf6 Qf4+ 77. Kg6 Qe5 78. Nf7 Qe6+ 79. Kg7 {[#]} Qe7 $1 {[%mdl 512]} 80. Kg6 Kf4 81. Nh6 Qg5+ 82. Kh7 Qf6 83. Kg8 Qxh6 84. Kf7 Ke5 85. Kg8 Kf5 86. Kf7 Qh7+ 87. Kf8 Kf6 88. Ke8 Qe7#) 0-1

[Event "146 Stay Safe Play From Home series"]
[Site "T#646011Emanuel Laske"]
[Date "2020.05.13"]
[Round "4"]
[White "Mepe_Nika"]
[Black "Lamborghini"]
[Result "0-1"]
[WhiteElo "2283"]
[BlackElo "2283"]
[Annotator "TA"]
[PlyCount "104"]
[EventDate "2020.05.13"]
[EventType "swiss (blitz)"]

{[%evp 9,104,5,18,0,0,-6,2,-2,-7,-4,54,53,40,42,50,38,46,0,0,-19,4,-16,0,-39,-43,-47,-33,-35,4,-228,-240,-285,-294,-405,-136,-234,-222,-238,-232,-769,-777,-769,-758,-723,-661,-663,-652,-884,-656,-655,-645,-885,-864,-945,-681,-663,-656,-675,-492,-483,-464,-660,8,8,0,0,8,8,8,8,8,0,0,0,0,0,0,-854,-847,-6087,-4627,-29957,-29947,-1748,-1297,-5085,-4118,-29980,-29981,-29981,-29982,-29986,-29987,-29984,-29985,-29983,-29983]} 1. d4 Nf6 2. Bf4 c5 3. dxc5 e6 4. Bd6 Na6 {[#]} 5. Bxf8 $146 ({Predecessor:} 5. Nc3 Nxc5 6. Bxf8 Rxf8 7. Qd4 Qb6 8. O-O-O d5 9. e4 Ncxe4 10. Bb5+ Ke7 11. Nxe4 Qxd4 12. Rxd4 Nxe4 {0-1 (38) Baskewitsch,P-Froehlich,P (2433) Metz 2002}) 5... Kxf8 6. Qd4 {A45: Trompowsky Attack.} Qa5+ 7. Nc3 Qxc5 8. e3 {The position is equal.} Qxd4 9. exd4 d5 (9... b6 $11) 10. Bxa6 $14 bxa6 11. Nf3 Bd7 12. Ne5 Ke7 13. Ne2 Rhc8 14. c3 Be8 15. Kd2 Rab8 16. Rab1 Ne4+ $1 17. Ke3 f6 $36 {[%mdl 2048] Black is pushing.} 18. Nd3 $1 Nd6 {Strongly threatening ...Nc4+.} (18... Bb5 $5 {[%cal Rb5d3]} 19. Rhf1 Nd6 $11) 19. h4 $2 (19. f3 $11 {and White has nothing to worry.}) 19... Nc4+ $19 20. Kf3 Bg6 21. Nef4 Be4+ $2 (21... Bxd3 $19 {has better winning chances.} 22. Nxd3 Nd2+ {[%mdl 64] Double Attack} 23. Ke2 Nxb1) 22. Kg3 (22. Ke2 $17 {keeps fighting.}) 22... e5 23. dxe5 fxe5 24. f3 $2 (24. Rbe1 Kd6 25. b3 exf4+ 26. Nxf4) 24... exf4+ 25. Nxf4 Bxb1 26. Rxb1 Kd6 27. b3 Ne3 28. Kf2 Re8 29. g4 Rbd8 30. Nd3 Rc8 31. Rc1 d4 32. c4 Rc7 33. Kg3 g5 34. hxg5 Rf7 35. f4 {[#]} (35. Rh1 $142) 35... Nxg4 $2 (35... Nxc4 $1 $19 36. Rd1 (36. bxc4 Re3+) 36... Ne3) 36. Kxg4 {[%mdl 4096] Endgame KRR-KRN} Re3 37. Ne5 (37. c5+ {is interesting.} Ke6 38. c6 Rc7 39. Nc5+ Kd6 40. Nb7+) 37... Rxe5 38. fxe5+ Kxe5 $11 {And now ...d3 would win. KR-KR} 39. Re1+ Kd6 40. Rd1 Kc5 41. a3 Rd7 {Threatens to win with ...d3.} 42. Rd3 a5 {...a4! is the strong threat.} 43. Kf5 $2 {[%mdl 8192] [#]} (43. a4 $11) 43... a4 $1 $19 {[%mdl 576] Deflection} 44. bxa4 Kxc4 45. Rd1 d3 46. Ke6 Rb7 47. Ke5 Kc3 48. Ke4 Re7+ {Black mates.} 49. Kf3 d2 50. Rxd2 Kxd2 51. Kf4 Rg7 52. Kf5 Rg6 {Accuracy: White = 40%, Black = 78%.} 0-1

[Event "146 Stay Safe Play From Home series"]
[Site "T#646011Emanuel Laske"]
[Date "2020.05.13"]
[Round "4"]
[White "Chessencounter"]
[Black "Rohit2007"]
[Result "1-0"]
[WhiteElo "2173"]
[BlackElo "2273"]
[Annotator "TA"]
[PlyCount "83"]
[EventDate "2020.05.13"]
[EventType "swiss (blitz)"]

{[%evp 9,82,-35,-2,-28,-10,-81,-4,-62,0,-179,-110,-120,-62,-56,-88,-64,-56,-150,-134,-181,-124,-178,-167,-254,-256,-280,-91,-227,-125,-314,-308,-316,-315,-300,-254,-255,-223,-332,-311,-345,-345,-366,-363,-339,-332,-310,-310,-310,-309,-304,-289,-289,-288,-296,-281,-289,-163,-143,-26,-25,-6,-6,0,8,197,160,717,0,0,0,660,0,29998,29999,29999]} 1. g3 c5 2. Bg2 d5 3. b3 e6 4. Bb2 Nf6 5. d3 Be7 6. Nd2 {A00: Irregular Openings.} O-O {[#]} 7. f4 $146 {[#]} (7. Ngf3 $11 {was the only way to keep the balance.}) ({Predecessor:} 7. e4 dxe4 8. dxe4 Qa5 9. Ne2 Rd8 10. Qc1 Nc6 11. Nc3 Nd4 12. O-O Rb8 13. Re1 {0-1 (38) Jota,J (2101)-Pascua,H (2427) Manila 2017}) 7... d4 (7... e5 $1 $17 {[%mdl 512] Threatens to win with ...exf4.} 8. fxe5 (8. Bxe5 Ng4) 8... Ng4) 8. Ngf3 (8. Nc4 $11) 8... Nc6 (8... Nd5 $1 $15 9. Qc1 Nc6) 9. h3 $2 (9. a4 $11) 9... Qc7 (9... Nd5 $19 {aiming for ...Ne3.} 10. Qc1 f6) 10. O-O e5 (10... Nd5 $1 $17 11. Rf2 Ne3) 11. fxe5 Nxe5 12. Nxe5 Qxe5 13. Nc4 (13. Rf3 $15) 13... Qxg3 $17 14. Rf3 Qg6 ({Better is} 14... Qc7 $19 15. a4 Be6) 15. e4 (15. e3 $17) 15... Nh5 $19 16. Qf1 (16. c3 {might work better.}) 16... Bh4 17. Bc1 Ng3 $2 (17... Re8 $19 {has better winning chances. White must now prevent ...b5.} 18. a4 Ng3) 18. Qd1 (18. Qe1 $17 Bxh3 19. Ne5) 18... Bxh3 ({Black should play} 18... f5 $1 $19 19. Rf4 Bf6) 19. Ne5 $2 (19. Bxh3 $17 {was the only chance.} Nxe4+ {[%mdl 64] Discovered Attack} 20. Kh2 Bg3+ 21. Kh1) 19... Qe6 20. Bf4 Bxg2 21. Kxg2 Nh5 22. Bh2 {And now Rh3 would win.} Bf6 23. Rf5 (23. Rf2 $142 Bxe5 24. Qxh5 Bxh2 25. Kxh2) 23... g6 24. Rxh5 gxh5 25. Qxh5 Bxe5 26. Bxe5 f6 27. Bf4 Rf7 28. Kf2 Rg7 29. Rh1 Qg4 30. Qxg4 Rxg4 {[%mdl 4096] Endgame KRR-KRB} 31. Kf3 Rg6 32. Rh5 Kg7 (32... b6 $142 33. Bg3 Kh8) 33. Rxc5 {[#]} f5 (33... Rg1 $1 $17 {[%cal Rg1f1] Hoping for ...Rf1+.} 34. Bg3 Rf1+ 35. Bf2 Rd8) 34. Rxf5 Rc6 35. Be5+ Kg6 36. Bxd4 Rxc2 $2 (36... Rd8 $11 37. c3 (37. Bxa7 Rxc2 38. d4 Rxa2 $15) 37... Rxc3 {[%mdl 64] Decoy} 38. Bxc3 Rxd3+ 39. Kf4 Rxc3) 37. Rf6+ $18 Kg5 $2 (37... Kh5 $16) 38. Rf5+ Kg6 39. Rf6+ Kg5 {[#]} 40. Rf5+ $2 (40. e5 $1 $18 {White threatens Be3+ and mate.} h5 41. Be3+ Kh4 42. Rf4+ Kh3 43. Bf2 Rxf2+ 44. Kxf2) 40... Kh4 $2 {[%mdl 8192]} (40... Kg6 $11) 41. Bf6+ Kh3 42. Rh5# {Accuracy: White = 44%, Black = 39%.} 1-0

[Event "146 Stay Safe Play From Home series"]
[Site "T#646011Emanuel Laske"]
[Date "2020.05.13"]
[Round "4"]
[White "Weltszmerc"]
[Black "Ionutn28"]
[Result "0-1"]
[WhiteElo "2135"]
[BlackElo "1779"]
[Annotator "RC"]
[PlyCount "58"]
[EventDate "2020.05.13"]
[EventType "swiss (blitz)"]

1. d4 {[%emt 0:00:01]} d5 {[%emt 0:00:01]} 2. c4 {[%emt 0:00:00]} c6 {[%emt 0:00:01]} 3. Nf3 {[%emt 0:00:00]} e6 {[%emt 0:00:01]} 4. g3 {[%emt 0:00:00]} Nf6 {[%emt 0:00:00]} 5. Bg2 {[%emt 0:00:00]} Bd6 {[%emt 0:00:00]} 6. O-O {[%emt 0:00:00]} O-O {[%emt 0:00:01]} 7. Nbd2 {[%emt 0:00:00]} Nbd7 {[%emt 0:00:00]} 8. Qc2 {[%emt 0:00:00]} e5 {[%emt 0:00:01]} 9. e4 {[%emt 0:00:00]} dxe4 {[%emt 0:00:01]} 10. Nxe4 {[%emt 0:00:01]} Nxe4 {[%emt 0:00:01]} 11. Qxe4 {[%emt 0:00:00]} Nf6 {[%emt 0:00:03]} 12. Qc2 {[%emt 0:00:01]} exd4 {[%emt 0:00:01]} 13. Nxd4 {[%emt 0:00:01]} a6 {[%emt 0:00:02]} 14. Rd1 {[%emt 0:00:01]} Qc7 {[%emt 0:00:01]} 15. c5 {[%emt 0:00:03]} Be5 {[%emt 0:00:02]} 16. Nf5 {[%emt 0:00:05]} Bxf5 {[%emt 0:00:01]} 17. Qxf5 {[%emt 0:00:00]} Rad8 {[%emt 0:00:01]} 18. Bg5 {[%emt 0:00:01]} Rxd1+ {[%emt 0:00:02]} 19. Rxd1 {[%emt 0:00:02]} h6 {[%emt 0:00:00]} 20. Be3 {[%emt 0:00:03]} Bxb2 {[%emt 0:00:05]} 21. Bf4 {[%emt 0:00:02]} Qa5 {[%emt 0:00:02]} 22. Bd6 {[%emt 0:00:01]} Re8 {[%emt 0:00:02]} 23. h3 {[%emt 0:00:03]} Re1+ {[%emt 0:00:01]} 24. Rxe1 {[%emt 0:00:00]} Qxe1+ {[%emt 0:00:00]} 25. Kh2 {[%emt 0:00:00]} Qe6 {[%emt 0:00:02]} 26. Qb1 {[%emt 0:00:03]} Bd4 {[%emt 0:00:06]} 27. Qxb7 {[%emt 0:00:03]} Bxf2 {[%emt 0:00:01]} 28. Qxc6 {[%emt 0:00:01]} Qe1 {[%emt 0:00:02]} 29. Qf3 {[%emt 0:00:02]} Qg1# {[%emt 0:00:01] (Lag: Av=0.86s, max=1.1s)} 0-1